Loading...
| Fine Arts - Classical Music | 8 | 17.50 | 100% | 63% | 13% |
| Fine Arts - Other Fine Arts | 9 | 16.67 | 89% | 44% | 33% |
| Fine Arts - Painting & Sculpture | 9 | 17.78 | 89% | 67% | 22% |
| History - American History | 9 | 17.78 | 89% | 78% | 11% |
| History - European History | 9 | 15.56 | 100% | 44% | 11% |
| History - Other History | 10 | 16.00 | 90% | 40% | 30% |
| History - World History | 8 | 12.50 | 100% | 13% | 13% |
| Literature - American Literature | 7 | 15.71 | 100% | 43% | 14% |
| Literature - British Literature | 7 | 18.57 | 100% | 86% | 0% |
| Literature - European Literature | 10 | 18.00 | 100% | 80% | 0% |
| Literature - World Literature | 7 | 11.43 | 100% | 14% | 0% |
| Mythology | 8 | 12.50 | 88% | 13% | 25% |
| Other | 6 | 13.33 | 83% | 50% | 0% |
| Philosophy | 11 | 17.27 | 100% | 64% | 9% |
| Religion | 10 | 22.00 | 100% | 70% | 50% |
| Science - Biology | 8 | 20.00 | 100% | 75% | 25% |
| Science - Chemistry | 11 | 14.55 | 82% | 64% | 0% |
| Science - Other Science | 9 | 20.00 | 100% | 44% | 56% |
| Science - Physics | 11 | 21.82 | 91% | 73% | 55% |
| Social Science | 7 | 17.14 | 86% | 57% | 29% |